LEADER 00964nam0 22002291i 450 001 UON00205463 005 20231205103311.693 100 $a20030730g19611967 |0itac50 ba 101 $aita 102 $aIT 105 $a|||| ||||| 200 1 $aˆLe ‰ relazioni tra lo Stato Pontificio e la Francia rivoluzionaria$estoria diplomatica del trattato di Tolentino$fGiustino Filippone 210 $aMilano$cA. Giuffrè$d1961-1967. v. 2 ; 25 cm. 620 $aIT$dMilano$3UONL000005 700 1$aFILIPPONE$bGiustino$3UONV123162$0142388 712 $aGiuffrè$3UONV257275$4650 801 $aIT$bSOL$c20240220$gRICA 899 $aSIBA - SISTEMA BIBLIOTECARIO DI ATENEO$2UONSI 912 $aUON00205463 950 $aSIBA - SISTEMA BIBLIOTECARIO DI ATENEO$dSI IV POL A 0286 $eSI SS 1041 5 0286 996 $aRelazioni tra lo Stato pontificio e la Francia rivoluzionaria$9579770 997 $aUNIOR